| 000 | 00462nam a2200157 a 4500 | ||
|---|---|---|---|
| 001 | 5087 | ||
| 003 | CDMR | ||
| 005 | 20130927175720.0 | ||
| 008 | 130130s1983||||||||||||||||||||||||||||d | ||
| 040 |
_aCDMR _bcat _cCDMR |
||
| 110 | 2 |
_9385 _aFUNDESCO |
|
| 245 | 3 |
_aLa sociedad de la información _b: estudio prospectivo de retos para la España de los años 90 |
|
| 260 |
_aMadrid _c1983 _bTecnos |
||
| 650 | 0 | 4 |
_93156 _aSocietat de la informació _zEspanya |
| 942 |
_cMON _2udc |
||
| 999 |
_c5087 _d5087 |
||